| 000 | 01468cam a2200313 4500500 | ||
|---|---|---|---|
| 005 | 20260426025621.0 | ||
| 041 | _afre | ||
| 042 | _adc | ||
| 100 | 1 | 0 |
_aZafiropoulos, Markos _eauthor |
| 245 | 0 | 0 | _aLe déclin du père |
| 260 | _c2003. | ||
| 500 | _a5 | ||
| 520 | _aUne figure obligée de la doxa psychanalytique traitant du malaise dans la culture ramène de manière récurrente une liste obligée de symptômes modernes au déclin historique de la famille moderne et de son chef. Lacan et les sciences sociales : le déclin du père est l’ouvrage où nous isolons les assises fantasmatiques de cette « théorie infantile ». | ||
| 520 | _aFather’s decline An emblematic figure in psychoanalytical doxa about “malaise en culture” consistently looks into a series of recurrent symptoms from the decline of modern family and his chief. Lacan and the social sciences’s book detach fantasmatic fundaments of this “infantile theory”. | ||
| 690 | _aAnthropologie | ||
| 690 | _aClinique | ||
| 690 | _aLacan | ||
| 690 | _aPère | ||
| 690 | _aSciences sociales | ||
| 690 | _aSymptômes modernes | ||
| 690 | _aAnthropologies | ||
| 690 | _aFather | ||
| 690 | _aLacan | ||
| 690 | _aModerns symptoms | ||
| 690 | _aPrivate clinic | ||
| 690 | _aSocials sciences | ||
| 786 | 0 | _nTopique | 84 | 3 | 2003-09-01 | p. 161-171 | 0040-9375 | |
| 856 | 4 | 1 | _uhttps://shs.cairn.info/revue-topique-2003-3-page-161?lang=fr&redirect-ssocas=7080 |
| 999 |
_c2227538 _d2227538 |
||